| 000 | 00501 a2200157 4500 | ||
|---|---|---|---|
| 001 | 142047 | ||
| 040 | _cLeonardo Da Vinci | ||
| 041 | _aPortuguês | ||
| 082 |
_ar930 H58h _bH58h |
||
| 245 |
_aA HISTÓRIA em notícia _bda descoberta do Brasil aos nossos dias; 1576-1600 |
||
| 250 | _av.3 | ||
| 260 |
_bGB Rio _c1962 _aRio de Janeiro |
||
| 362 | _a19620000 | ||
| 697 |
_aReferência _aEnciclopédia _aCuriosidades _aHistória _aRetrospectiva _aReportagem _aRepórteres _aJornalismo _a1551-1575 |
||
| 942 | _cBK | ||
| 999 |
_c142047 _d142047 |
||